VEK NIEKTORÝCH VYSOKOTATRANSKÝCH GRANITOIDOV A KRYŠTALICKÝCH BRIDLÍC PODĽA RÁDIOAKTÍVNEHO ROZPADU K40 : (Ruské a nemecké resumé)

Bibliographic Details
Main Author: Kantor, Ján, 1921-1997 (Author)
Format: Article
Language:Slovak

MARC

LEADER 00000nab a2200000ua 4500
001 vtls010841117
003 SK-MaSNL
005 20260303135833.0
008 230218s1959 xo |||||||||||||||||slo|
035 |a (urnnbn)urn:nbn:sk:snk:ar-a06y5w 
035 |a urn:nbn:sk:snk-ab63qr 
035 |a (uuid)8ed81079-2486-4fc5-b836-5ef310b6da0e 
040 |a SNKBUCL  |b slo  |c SNKBUCL  |e AACR2 
041 0 |a slo 
044 |a xo  |c SK 
100 1 |a Kantor, Ján,  |d 1921-1997  |4 aut  |9 41589 
245 1 0 |a VEK NIEKTORÝCH VYSOKOTATRANSKÝCH GRANITOIDOV A KRYŠTALICKÝCH BRIDLÍC PODĽA RÁDIOAKTÍVNEHO ROZPADU K40 :  |b (Ruské a nemecké resumé)  |c Ján Kantor 
773 0 |t Geologický sborník  |g Roč. 10, č. 1 (1959), s. 89-96 
954 |a odborná, vedecká literatúra pôvodná (slovenská)  |2 lita 
958 |a OND 
958 |a EUIPO 
958 |a article5 
999 |c 1968218  |d 1970148